000 00825nam a2200217 4500
003 CBULib
005 20250520092511.0
008 250520b |||||||| |||| 00| 0 eng d
040 _bEnglish
_cCBULib
_erda
_aCBULib
_dCBULib
050 _aCBU-MPHIL/THESIS/MTE
100 _94598
_aMtengal,Karim Ally
245 _aCharacterization of pseudomonas aeruginosa strains of heavy metal resistance in the artisanal and small-scale mines as potential agents (s) for bioremediation in central ,province Zambia
_c/by Karim Ally Mtengai
260 _aKitwe
_bCBU
_c2022
300 _axi,92 pages ; illustrations
336 _2rdacontent
_aText |
_btxt
337 _2rdamedia
_aUnmediated |
_bn
338 _2rdacarrier
_aVolume
_bnc
650 0 _92293
_aPSEUDOMONAS AERUGINOSA STRAINS
650 0 _9385
_aBIOREMEDIATION
942 _2mc
_c023
999 _c86221
_d86221